000 00439nam a2200181Ia 4500
001 13824
005 20260306164829.0
008 260306t2012||||xx |||||||||||||| ||spa||
041 _aESP
082 _a005.369
_bE399
100 _aEyzaguirre Acosta, Carlos
_eAUT
245 0 _aControl y seguimiento con project
260 _c2012
300 _a350 páginas :
_c25 cm.
650 _aGEN
654 _aCCC
942 _cLIB
_dJUS
_fJUS
_2ddc
_n
999 _c13824
_d13824